000 00503nam a2200181 i 4500
001 81492
003 ES-MaACL
005 20251009063053.0
007 t|
008 041104s1967 sp ||||1| cat d
100 1 _aHurtado, Amadeu,
_d1875-1950
_964777
245 1 0 _aQuarenta anys d'advocat /
_cAmadeu Hurtado.
250 _a[1ª ed.].
260 _aBarcelona :
_bAriel,
_c[1967]
300 _a462 p., 28 lám. ;
_c21 cm.
852 _aES-MaACL
_jC-48827
_bR.66977
999 _c81492
_d81492